| 000 | 01449nam a2200277Ia 4500 | ||
|---|---|---|---|
| 999 |
_c47289 _d47289 |
||
| 001 | 14149 | ||
| 003 | GE_BSU | ||
| 005 | 20250213153243.0 | ||
| 008 | 181216s2014||||ge |||||||||||||| ||eng|| | ||
| 020 | _a9789941437877 | ||
| 040 | _cGE_BSU | ||
| 041 | _ageo | ||
| 080 | _a502.1ა-45 | ||
| 100 |
_aალასანია,ნარგიზ. _923898 |
||
| 245 |
_aგარემოს დაცვა და ბუნებრივი რესურსები / _cნარგიზ ალასანია, ნინო ლომთათიძე, რედ. ავთანდილ კორახაშვილი |
||
| 264 |
_aბათუმი : _bბათუმის შოთა რუსთაველის სახ.უნ-ტი, _c2014. |
||
| 300 |
_a312 გვ. : _b სურ. ; _c 20 სმ. |
||
| 501 | _aდანართი: გვ. 278-308. | ||
| 504 | _a- ბიბლიოგრ.: გვ. 275-277. | ||
| 653 | _aგარემოს დაცვა და ბუნებრივი რესურსები | ||
| 653 | _aეკოლოგია | ||
| 700 |
_aლომთათიძე, ნინო _95628 |
||
| 700 |
_aკორახაშვილი, ავთანდილ _eრედაქტორი _95875 |
||
| 710 |
_aბათუმის შოთა რუსთაველის სახელმწიფო უნივერსიტეტი _923899 |
||
| 942 |
_cBK _2udc |
||